000
00295nam a2200121Ia 4500
008
190216s9999||||xx |||||||||||||| ||und||
100
_a
Jeyanthi Manokaran
245
0
_a
I Like The World
260
_b
National Book Trust India
_c
1967
300
_a
10p
650
_a
English General
942
_c
BK
999
_c
13100
_d
13100